| 000 | 00763nam a2200217 a 4500 | ||
|---|---|---|---|
| 999 |
_c4619 _d4619 |
||
| 001 | 4619 | ||
| 003 | BD-JhCC | ||
| 005 | 20171129101737.0 | ||
| 008 | 870917s1985 bg 001 0 ben | ||
| 035 | _a(BD-JhCC) | ||
| 040 |
_aBD-JhCC _dBD-JhCC |
||
| 041 | _aben | ||
| 082 | 0 | 0 |
_a581.03 _bMUT 1985 |
| 100 | 1 | _aমুত্তাকী, ইকবাল আজিজ | |
| 245 | 1 | 0 |
_aউদ্ভিদ বিজ্ঞান পরিভাষা / _cডঃ ইকবাল আজিজ মুত্তাকী; ডঃ সামসু্দ্দীন আহমদ |
| 260 |
_aঢাকা: _bবাংলা একাডেমী; _c১৯৮৫ |
||
| 300 |
_a74 p.; _c22 cm |
||
| 650 | 0 | _aTerminology of Botany | |
| 700 | 1 | _aStrange, Jerry D. | |
| 942 |
_2ddc _cBK |
||